000 00367nam a2200169Ia 4500
008 210210b1886 xxu||||| |||| 00| 0 eng d
041 _aeng
082 _a511/134
100 _aWHITWORTH (W A)
245 _aChoice and chance
260 _aCambridge
_b-
_c1886
650 _aChoice
650 _achance
650 _aand
690 _aAlgebra
906 _a007204
999 _c139586
_d139586